| 000 | 01118nam0a22002651 4500 | ||
|---|---|---|---|
| 001 | rc\750426 | ||
| 005 | 20260524062813.0 | ||
| 035 | _a(NLR Aleph) 006279011 | ||
| 090 |
_a7029560 _c7029560 |
||
| 100 | _a20040301d1985 |||y0rusy50 ca | ||
| 101 | 0 | _arus | |
| 102 | _aRU | ||
| 105 | _ay ||||||||| | ||
| 200 | 1 |
_aВозрастание руководящей роли Коммунистической партии в годы Великой Отечественной войны [1941-1945] _eМежвуз. сб. _fПетрозавод. гос. ун-т им. О.В. Куусинена _g[Редкол.: Н.Н. Шушкин (отв. ред.) и др.] |
|
| 210 |
_aПетрозаводск _cПГУ _d1985 |
||
| 215 |
_a142 с. _d21 |
||
| 702 | 1 |
_aШушкин _bН.Н. _gНиколай Никитович _4340 |
|
| 712 | 0 | 2 |
_4570 _aПетрозаводский государственный университет _3RU\NLR\AUTH\889931527 _9358480 |
| 801 | 0 |
_aRU _bNLR _gpsbo |
|
| 801 | 1 |
_aRU _bELAR _2rusmarc |
|
| 801 | 2 |
_aRU _bNLR _c20180220 _2rusmarc |
|
| 852 |
_aNLR _j86-5/1121 |
||
| 942 | _cBOOK | ||
| 980 | _aNB | ||